|
|
|
|
| LEADER |
00000 a2200000 4500 |
| 001 |
RU/ROS-EDU.RU/142734 |
| 856 |
4 |
|
|u https://www.ros-edu.ru/book?id=142734
|z Перейти к просмотру издания
|
| 010 |
|
|
|a 978-5-4497-3597-3
|
| 100 |
|
|
|a 20240101d2024 |||y0rusy0250
|
| 105 |
|
|
|a y z 000zy
|
| 101 |
0 |
|
|a rus
|
| 102 |
|
|
|a RU
|
| 200 |
1 |
|
|a Мой первый словарик (для детей-билингвов 1–4 классов)
|b Электронный ресурс
|e Словарь
|f Е. Н. Денисенко
|
| 700 |
|
1 |
|b Е. Н.
|a Денисенко
|4 070
|
| 330 |
|
|
|a Книга представляет собой учебный толковый словарь русского языка для детей-билингвов младшего школьного возраста (1–4 классы), который поможет повысить культуру письма и грамотности речи. В словарике дается толкование слов, которые входят в лексический минимум учеников младшей школы. Издание содержит примеры употребления лексических единиц и задания на их усвоение. Словарь рекомендуется учащимся младших классов, родителям и учителям.
|
| 210 |
|
|
|a Москва
|c Ай Пи Ар Медиа
|d 2024
|
| 610 |
1 |
|
|a русский язык
|
| 610 |
1 |
|
|a словарь
|
| 610 |
1 |
|
|a билингвальное обучение
|
| 610 |
1 |
|
|a толковый словарь
|
| 610 |
1 |
|
|a младший школьник
|
| 610 |
1 |
|
|a лексический минимум
|
| 675 |
|
|
|a 811.161
|
| 686 |
|
|
|a 81.2
|2 rubbk
|
| 300 |
|
|
|a Книга находится в премиум-версии платформы «Русский как иностранный».
|
| 215 |
|
|
|a 224 с.
|